Essentials of systems analysis and design

This text addresses how to organize and access information strategically, how to work as part of a team, and how to use the Internet effectively. The three authors draw on their many years of teaching experience to present the skills and techniques that systems analysts need to create information sy...

תיאור מלא

שמור ב:
מידע ביבליוגרפי
מחבר ראשי: Valacich, Joseph S.
פורמט: ספר
שפה:Undetermined
יצא לאור: Upper Saddle River, N.J. Prentice Hall 2009
נושאים:
תגים: הוספת תג
אין תגיות, היה/י הראשונ/ה לתייג את הרשומה!
Thư viện lưu trữ: Trung tâm Học liệu Trường Đại học Cần Thơ
LEADER 01145nam a2200205Ia 4500
001 CTU_144476
008 210402s9999 xx 000 0 und d
020 |c 206.66 
082 |a 004.21 
082 |b V135/4th 
100 |a Valacich, Joseph S. 
245 0 |a Essentials of systems analysis and design 
245 0 |c Joseph S. Valacich, Joey F. George, Jeffrey A. Hoffer 
260 |a Upper Saddle River, N.J. 
260 |b Prentice Hall 
260 |c 2009 
520 |a This text addresses how to organize and access information strategically, how to work as part of a team, and how to use the Internet effectively. The three authors draw on their many years of teaching experience to present the skills and techniques that systems analysts need to create information systems for businesses. They cover the foundations of systems development and then outline each stage of planning and selection, analysis, design, and implementation and operation 
650 |a System design,System analysis,Phân tích hệ thống,Thiết kế hệ thống 
904 |i Huỳnh Mai 
980 |a Trung tâm Học liệu Trường Đại học Cần Thơ